000 00733nam a2200205Ii 4500
003 JO-AjNU
008 230605s9999||||xx |||||||||||||| ||und||
040 _aJO-AjNU
_bara
_erda
_cJO-AjNU
041 _aara
050 1 4 _aLC4019.R6734 1996
100 3 _aالروسان، فاروق,
_eauthor
_941899
245 0 0 _aأساليب القياس والتشخيص في التربية الخاصة
250 _aط1
264 3 1 _aعمان:دار الفكر للطباعة والنشر والتوزيع،1996
300 _a380ص
336 _atext
_btxt
_2rdacontent
337 _aunmediated
_bn
_2rdamedia
338 _avolume
_bnc
_2rdacarrier
650 4 _aالمعوقون-رعاية-تعليم-اختبارات الذكاء
_941900
999 _aA17901
_c21469
_d21469